<?xml version="1.0" encoding="UTF-8"?><?xml-stylesheet type="text/xsl" href="static/style.xsl"?><OAI-PMH xmlns="http://www.openarchives.org/OAI/2.0/" xmlns:xsi="http://www.w3.org/2001/XMLSchema-instance" xsi:schemaLocation="http://www.openarchives.org/OAI/2.0/ http://www.openarchives.org/OAI/2.0/OAI-PMH.xsd"><responseDate>2026-04-14T16:06:12Z</responseDate><request verb="GetRecord" identifier="oai:uvadoc.uva.es:10324/72011" metadataPrefix="marc">https://uvadoc.uva.es/oai/request</request><GetRecord><record><header><identifier>oai:uvadoc.uva.es:10324/72011</identifier><datestamp>2025-01-10T08:34:33Z</datestamp><setSpec>com_10324_38</setSpec><setSpec>col_10324_852</setSpec></header><metadata><record xmlns="http://www.loc.gov/MARC21/slim" xmlns:doc="http://www.lyncode.com/xoai" xmlns:xsi="http://www.w3.org/2001/XMLSchema-instance" xmlns:dcterms="http://purl.org/dc/terms/" xsi:schemaLocation="http://www.loc.gov/MARC21/slim http://www.loc.gov/standards/marcxml/schema/MARC21slim.xsd">
<leader>00925njm 22002777a 4500</leader>
<datafield tag="042" ind1=" " ind2=" ">
<subfield code="a">dc</subfield>
</datafield>
<datafield tag="720" ind1=" " ind2=" ">
<subfield code="a">Rodríguez Valle, Aida</subfield>
<subfield code="e">author</subfield>
</datafield>
<datafield tag="260" ind1=" " ind2=" ">
<subfield code="c">2024</subfield>
</datafield>
<datafield tag="520" ind1=" " ind2=" ">
<subfield code="a">El estudio de los clústeres industriales ha cobrado en los últimos años relevancia en la &#xd;
esfera económica y empresarial debido no solo a las ventajas competitivas que genera, &#xd;
sino a la promoción del desarrollo económico de las regiones en que se localizan. Los &#xd;
clústeres industriales suponen la interconexión de empresas y una comunidad social, &#xd;
que gracias a su apuesta por la digitalización e industria 4.0., consiguen impulsar &#xd;
económicamente a una región y concebirse como una agrupación industrial próspera. &#xd;
Un clúster industrial se conforma gracias a unas ventajas y factores clave que &#xd;
contribuyen a su éxito, si bien son de suma importancia las desventajas, desafíos y &#xd;
riesgos a los que se enfrenta, pues atender a ellos será crucial para su prosperidad. Para &#xd;
complementar el desarrollo se ofrece el estudio de caso de los clústeres industriales en &#xd;
la región de Emilia – Romaña, subdividido en Valles especializados en sectores diversos, &#xd;
como ejemplo clave de aprovechamiento de sinergias, intercambio de conocimientos y &#xd;
colaboración entre sus componentes</subfield>
</datafield>
<datafield tag="024" ind2=" " ind1="8">
<subfield code="a">https://uvadoc.uva.es/handle/10324/72011</subfield>
</datafield>
<datafield ind1=" " ind2=" " tag="653">
<subfield code="a">Concentración industrial - Italia</subfield>
</datafield>
<datafield tag="245" ind1="0" ind2="0">
<subfield code="a">Clústers industriales: desarrollo y estudio de caso</subfield>
</datafield>
</record></metadata></record></GetRecord></OAI-PMH>